000 00684nam a2200265Ia 4500
005 20260121170355.0
008 008 260114s9999 xx 000 0 eng d
020 _a9783319720807
037 _aEBOOK
040 _aCRL
040 _beng
040 _cCRL
041 _2eng
041 _aeng
084 _qCRL
100 _aVicente Lledó-Guillem
_91063110
245 4 _aThe Making of Catalan Linguistic Identity in Medieval and Early Modern Times
260 _bSpringer
260 _bSpringer
260 _c2018
856 _uhttps://link.springer.com/openurl?genre=book&isbn=978-3-319-72080-7
942 _cEBOOK
999 _c1628839
_d1628839